Jours effeuilles: poémes, essais, souvenirs 1920-1965
Gardado en:
| Autor Principal: | |
|---|---|
| Formato: | Libro |
| Idioma: | francés |
| Publicado: |
París
Gallimard
1966
|
| Subjects: | |
| Tags: |
Engadir etiqueta
Sen Etiquetas, Sexa o primeiro en etiquetar este rexistro!
|
MARC
| LEADER | 00000nam a2200000 a 4500 | ||
|---|---|---|---|
| 001 | UCQ1532 | ||
| 003 | CL-VaPUC | ||
| 008 | 980710e19660000FR |||||||||||||||||fre|d | ||
| 082 | 0 | 4 | |a 841 |b ARP |2 21 |
| 100 | 0 | |a Arp, Jean |e author |9 268703 | |
| 245 | 1 | 0 | |a Jours effeuilles: poémes, essais, souvenirs 1920-1965 |
| 300 | |a 669 p | ||
| 942 | |c BK | ||
| 945 | |d 19980710 00:00:00 |a mvenant | ||
| 260 | |a París |b Gallimard |c 1966 | ||
| 650 | 0 | |a Poesías francesas |9 265467 | |
| 583 | |a last modification |c 19980710 00:00:00 |k Rodrigo Vera | ||
| 999 | |c 272462 |d 272460 | ||
| 952 | |0 0 |1 0 |4 0 |6 841_000000000000000_ARP_1966 |7 0 |8 A |9 307482 |a BIBART |b BIBART |d 2019-11-20 |i 3442810 |o 841 ARP 1966 |p 3442810 |r 2025-03-13 |w 2019-11-20 |y BK |k ART | ||